Catálogo

Los piratas Lafitte / (Registro nro. 42432)

Detalles MARC
000 -LEADER
fixed length control field 01047cam a2200301 i 4500
001 - CONTROL NUMBER
control field 42432
003 - CONTROL NUMBER IDENTIFIER
control field Mx-PuUPA
005 - DATE AND TIME OF LATEST TRANSACTION
control field 20230110135957.0
008 - FIXED-LENGTH DATA ELEMENTS--GENERAL INFORMATION
fixed length control field 140415s1984 mx gr 000 0 spa d
040 ## - CATALOGING SOURCE
Original cataloging agency Mx-PuUPA
Language of cataloging spa
Transcribing agency Mx-PuUPA
Modifying agency Mx-PuUPA
Description conventions rda
041 0# - LANGUAGE CODE
Language code of text/sound track or separate title spa
100 1# - MAIN ENTRY--PERSONAL NAME
9 (RLIN) 13570
Personal name Rubio Mañé, J. Ignacio,
Fuller form of name (Jorge Ignacio)
Relator term autor
245 10 - TITLE STATEMENT
Title Los piratas Lafitte /
Statement of responsibility, etc. J. Ignacio Rubio Mañe
250 ## - EDITION STATEMENT
Edition statement Primera edición
264 #1 - PRODUCTION, PUBLICATION, DISTRIBUTION, MANUFACTURE, AND COPYRIGHT NOTICE
Place of production, publication, distribution, manufacture México, D. F. :
Name of producer, publisher, distributor, manufacturer Editorial Tradición,
Date of production, publication, distribution, manufacture, or copyright notice 1984
300 ## - PHYSICAL DESCRIPTION
Extent 237 páginas ;
Dimensions 21 cm
336 ## - CONTENT TYPE
Fuente rdacontent
Content type term texto
Content type code txt
337 ## - MEDIA TYPE
Source rdamedia
Media type term sin medio
Media type code n
338 ## - CARRIER TYPE
Source rdacarrier
Carrier type term volumen
Carrier type code nc
600 14 - SUBJECT ADDED ENTRY--PERSONAL NAME
Personal name Laffite, Jean,
600 14 - SUBJECT ADDED ENTRY--PERSONAL NAME
Source of heading or term armarc
Personal name Laffite, Pierre,
Dates associated with a name 1826?
650 #7 - SUBJECT ADDED ENTRY--TOPICAL TERM
Source of heading or term armarc
Topical term or geographic name entry element Piratas
Geographic subdivision Caribe, área del
Form subdivision Biografía
650 #7 - SUBJECT ADDED ENTRY--TOPICAL TERM
Source of heading or term armarc
Topical term or geographic name entry element Piratas
Geographic subdivision Yucatán, (Estado)
General subdivision Historia
Chronological subdivision 1519 - 1810
942 ## - ADDED ENTRY ELEMENTS (KOHA)
Source of classification or shelving scheme Dewey Decimal Classification
Koha item type Libro
Classification part 920
Item part R894
Existencias
Withdrawn status Lost status Source of classification or shelving scheme Damaged status Not for loan Collection code Home library Current library Shelving location Date acquired Source of acquisition Total Checkouts Full call number Barcode Date last seen Price effective from Koha item type
    Dewey Decimal Classification     General Biblioteca Karol Wojtyla Biblioteca Karol Wojtyla Sala general 03/12/2013 Compra   920 R894 1984 63999 05/01/2026 03/12/2013 Libro